Planificacin̤ y gestin̤. Manual para la accin̤ social /

Bibliographic Details
Main Author: Alberich Nistal, Toms̀
Other Authors: Sotomayor, Eva
Format: eBook
Language:Spanish
Published: Madrid: Dykinson, 2014
Subjects:
Online Access:Acceso restringido

MARC

LEADER 00000nam a22000007a 4500
005 20140604003943.0
007 cr|||| ||||
008 140604s2014 es |||||s|||| 00||0 spa d
020 |a 978-84-9031-905-5 
035 |a 12195 
040 |a vLex 
090 |c 4999  |d 4999 
100 1 |a Alberich Nistal, Toms̀ 
245 1 0 |a Planificacin̤ y gestin̤.  |h [Recurso electrn̤ico] :  |b Manual para la accin̤ social /  |c Toms̀ Alberich Nistal, Eva Sotomayor 
256 |a Servicio en ln̕ea 
260 |a Madrid:  |b Dykinson,  |c 2014 
300 |a 1 recurso electrn̤ico 
506 1 |a Disponible solo en los productos indicados  |d vLex Global  |d vLex Global (Academic Edition, excluding Law Schools)  |d vLex Global (U.S. Academic Edition, Law Schools)  |d vLex Global (U.S. Academic Edition, excluding Law Schools)  |d vLex Global (Academic Edition, Law Schools) 
650 0 4 |a Derecho Pb︢lico y Administrativo  |z Espaą 
650 0 4 |a Ciencias sociales  |z Espaą 
700 1 |a Sotomayor, Eva 
740 0 |a vLex Libros (Servicio en ln̕ea) 
856 4 0 |u http://vlex.com/source/planificacion-gestion-manual-accion-social-12195  |z Acceso restringido 
942 |c BOOK 
999 0 |a Public and Administrative Law 
999 0 |a Social Sciences